00497nam a2200193 a 4500001001300000003000900013005001700022008004100039020000900080082001600089100002100105245004200126260003800168300000900206500003500215505001000250650002200260700002100282nice12345678IN_TiNIC20260116011350.0050524s1960 lona grp 000 0 eng  ac1500a269.2bKRA1 aKraemer, Hendrik aCommunication of the Christian Faith. aLondon bLutterworth Press c1960 a128p aincludes index and biblioraphy2 aIndex aEvangelistic Work1 aKraemer, Hendrik